000 00387nam a2200133Ia 4500
005 20260328101505.0
008 260328s9999||||xx |||||||||||||| ||und||
100 _aLoayza, Rosario
245 0 _aManual de autoConstructores de Lak'a uta /
_cRosario Loayza
260 _bAsentamientos Humanos Sostenibles del Altiplano
300 _a94 p.
650 _aARQUITECTURA VERNACULAR
942 _cBK
999 _c9007
_d9007